E-gobierno para un mejor gobierno
שמור ב:
| Corporate Authors: | , , |
|---|---|
| פורמט: | ספר |
| שפה: | ספרדית |
| יצא לאור: |
Madrid
INAP
2008
|
| מהדורה: | 1a. ed |
| סדרה: | Estudios y Documentos
|
| נושאים: | |
| תגים: |
הוספת תג
אין תגיות, היה/י הראשונ/ה לתייג את הרשומה!
|
MARC
| LEADER | 00000nam a2200000 a 4500 | ||
|---|---|---|---|
| 001 | UCG2317 | ||
| 003 | CL-VaPUC | ||
| 008 | 100708e20080000SP |||||||||||||||||spa|d | ||
| 020 | |a 9788473512800 | ||
| 082 | 0 | 4 | |a 352.367 |b INA |2 21 |
| 110 | 2 | |a INAP |e author |9 550771 | |
| 710 | 2 | |a Instituto Nacional de Administración Pública |e author |9 550772 | |
| 710 | 2 | |a OCDE |e author |9 550773 | |
| 245 | 1 | 0 | |a E-gobierno para un mejor gobierno |
| 250 | |a 1a. ed | ||
| 300 | |a 229 p | ||
| 942 | |c BK | ||
| 945 | |d 20100708 00:00:00 |a cmena | ||
| 260 | |a Madrid |b INAP |c 2008 | ||
| 650 | 0 | |a Administración pública |9 255343 | |
| 650 | 7 | |a MODERNIZACION |2 CL-VaPUC |9 335311 | |
| 650 | 0 | |a Internet |9 254823 | |
| 650 | 0 | |a Gestión de la información |9 362327 | |
| 650 | 0 | |a Tecnología de la información |9 254825 | |
| 650 | 0 | |a Globalización |9 361930 | |
| 583 | |a last modification |c 20160914 01:02:05 |k Rodrigo Vera | ||
| 490 | 0 | |a Estudios y Documentos | |
| 999 | |c 341533 |d 341531 | ||
| 952 | |0 0 |1 0 |4 0 |6 352_367000000000000_INA_2008 |7 0 |8 C |9 437121 |a BIBCUR |b BIBCUR |d 2019-11-22 |i 4673778 |o 352.367 INA 2008 |p 4673778 |r 2025-04-22 |w 2019-11-22 |y BK |k IDI | ||